000 00573nam a2200241Ia 4500
003 OSt
005 20220912152041.0
006 a|||||r|||| 00| 0
007 ta
008 220909b |||||||| |||| 00| 0 eng d
024 _a60662
037 _cTextual
040 _aCSL
_beng
_cCSL
041 _aeng
082 _aL9C,35:4, M4
100 _aGarrtty G Ed.
245 0 _aHemolyfic disease of the newborn
260 _c1980
300 _ap.
_ccm.
650 _aMedicine
942 _hL9C,35:4, M4
_cTEXL
_2CC
999 _c79995
_d79995